000 01065nam0a22002411 4500
001 rc\3045139
005 20250530023129.0
035 _a(NLR Aleph) 007184951
090 _a7480071
_c7480071
100 _a20111007d1936 |||y0rusy50 ca
101 0 _arus
102 _aRU
105 _ay z |||||
200 1 _aО животном и растительном окружении наиболее первобытного человека
210 _a[Москва]
_a[Ленинград]
_cБ. и.
_d[1936]
215 _aС. 505-532
300 _aВ сб.: Вопросы истории доклассового общества. Сборник статей к пятидесятилетию книги Фр. Энгельса. Происхождение семьи, частной собственности и государства. М.-Л., 1936, с. 505-532
700 1 _aВяткина
_bК.В.
_gКапитолина Васильевна
801 0 _aRU
_bNLR
_gpsbo
801 1 _aRU
_bELAR
_2rusmarc
852 _aNLR
_j34-19/392(4)
942 _cBOOK
980 _aNB